000 00412nam a22001577a 4500
005 20180823171137.0
008 180823b xxu||||| |||| 00| 0 eng d
022 _a2516-600X
245 _aJournal of operations and strategic planning
260 _aNew Delhi ;
_bSage Publications
300 _av.
_c24 cm
310 _abi-annually
650 _vPeriodicals.
906 _cserials
942 _2ddc
_cSR
_s1
_mJOU
999 _c156226
_d156226